000
00330nam a22001457a 4500
008
221020b ||||| |||| 00| 0 eng d
020
_a
0205145922
041
_a
eng
080
_a
610.73
082
_a
610.73 OLL
100
_a
8
101
_a
INF
245
_a
HANDBOOL OF CHILD AND ADOLESCENT
_c
OLLENDICK TH
942
_2
udc
_c
BK
999
_c
58633
_d
58633